00341nam a2200133 a 4500008004100000050001900041100001800060245003600078260003500114300001600149350000900165650001100174650002200185120416s1965 ||||||||||||||||| || u aHD 6490.G7 Sto aStone, Morris10aLabour grievances and decisions aNew YorkbHarper and Rowc1965 axxvi, 198p. a0.00 aLABOUR aLABOUR GRIEVANCES